=LDR 00000nam 2200000 4500 =001 INLIS000000000029746 =005 20130612131943 =008 ***********************************Ind** =035 ##$$a0010-061300000029746 =041 ##$$a Ind =082 ##$$a 658.15 =090 ##$$a 658.15, Mul m =100 ##$$a Mulyadi =245 ##$$a Manajemen keuangan, pendekatan kuantitatif dan kualitatif, Mulyadi =260 ##$$a 2006 $b Malang =300 ##$$a viii, 292 hlm, ilus, 28 cm =650 ##$$a Manajemen Keuangan =850 ##$$a NBPNMAT =990 ##$$a 93208/BPAP-NTB/2014